Statistics for West Ham results 15/16

Click here to take the quiz!

General Stats

  • This quiz has been taken 221 times
    (217 since last reset)
  • The average score is 16 of 28

Answer Stats

HintAnswer% Correct
Arsenal (a)0-2
96%
Leicester (h)1-2
84%
Liverpool (a)0-3
80%
Manchester City (a)1-2
78%
Newcastle (h)2-0
76%
Bournemouth (h)3-4
76%
Chelsea (h)2-1
71%
Norwich (h)2-2
67%
Crystal Palace (a)1-3
65%
Sunderland (a)2-2
63%
Everton (h)1-1
58%
Tottenham (h)1-0
55%
Tottenham (a)4-1
55%
Watford (a)2-0
52%
Manchester City (h)2-2
52%
Liverpool (h)2-0
51%
Bournemouth (a)1-3
50%
Sunderland (h)1-0
49%
Aston Villa (a)1-1
48%
Aston Villa (h)2-0
48%
Southampton (h)2-1
48%
Manchester United (a)0-0
47%
Norwich City (a)2-2
47%
West Brom (h)1-1
44%
Newcastle (a)2-1
42%
Southampton (a)1-0
41%
Stoke City (h)0-0
38%
Swansea (a)0-0
34%

Score Distribution

Percentile by Number Answered

Percent of People with Each Score

Your Score History

You have not taken this quiz since the last reset